|
|
|
|
| LEADER |
00000nam0a2200000 4500 |
| 001 |
159989 |
| 005 |
20231031155420.0 |
| 010 |
|
|
|a 5724505010
|
| 020 |
|
|
|a RU
|b 92-3874
|
| 035 |
|
|
|a (RuTPU)RU\TPU\book\173509
|
| 090 |
|
|
|a 159989
|
| 100 |
|
|
|a 20090516d1992 m y0rusy5003 ca
|
| 101 |
0 |
|
|a rus
|
| 102 |
|
|
|a RU
|
| 105 |
|
|
|a a z 001zy
|
| 200 |
1 |
|
|a Сварка фторопластов
|f С. С. Волков, В. А. Соколов
|
| 210 |
|
|
|a Москва
|c Химия
|d 1992
|
| 215 |
|
|
|a 91 с.
|c ил.
|
| 225 |
1 |
|
|a Химия - промышленности
|
| 320 |
|
|
|a Библиогр.: с. 90-91.
|
| 610 |
1 |
|
|a фторопласты
|
| 610 |
1 |
|
|a сварка
|
| 610 |
1 |
|
|a полимерные материалы
|
| 610 |
1 |
|
|a соединение
|
| 610 |
1 |
|
|a физико-химические процессы
|
| 610 |
1 |
|
|a технология
|
| 610 |
1 |
|
|a оборудование
|
| 610 |
1 |
|
|a примеры
|
| 610 |
1 |
|
|a сварные соединения
|
| 610 |
1 |
|
|a контроль
|
| 610 |
1 |
|
|a качество
|
| 675 |
|
|
|a 678.743
|v 3
|
| 700 |
|
1 |
|a Волков
|b С. С.
|g Станислав Степанович
|4 070
|
| 701 |
|
1 |
|a Соколов
|b В. А.
|g Валерий Алексеевич
|4 070
|
| 801 |
|
0 |
|a RU
|b RuMRKP
|c 19950417
|g psbo
|
| 801 |
|
1 |
|a RU
|b 63413507
|c 20090516
|g PSBO
|
| 801 |
|
2 |
|a RU
|b 63413507
|c 20130827
|g PSBO
|
| 942 |
|
|
|c BK
|